000
00256nam a2200097Ia 4500
001
1250251
005
20251031150852.0
008
251031s9999 xx 000 0 und d
245
0
_c
ALEV ALATLI
_a
A-2 BATI'YA YÖN VEREN METİNLER 1
260
_b
KAPI YAYINLARI
999
_c
1250251
_d
1250251